000 01263nam a22002417a 4500
999 _c58166
_d58166
003 Ge_BSU
005 20210719120329.0
008 210719s2019 ge ||||| |||| 00| 0 geo d
020 _a9789941816284
041 _ageo
080 _a323.173(479.22:479.225) ვ-19
100 _aვადაჭკორია, შოთა
_95487
245 _a"ოსთა გენოციდის" საკითხი და 1918-1925 წლების ისტორიული მოვლენების სინამდვილე /
_cშოთა ვადაჭკორია ; რედაქტორი ზურაბ ხონელიძე.
264 _aთბილისი,
_c2019.
300 _a82 გვ. ;
_b 20 სმ.
500 _aთავფურცელზე: ავტორის მინაწერი.
501 _aდაიბეჭდა ავტორის ხარჯით.
504 _aბიბლიოგრაფია: გვ. 55-57.
520 _aრეზიუმე ინგლისურ ენაზე.
653 _aქართულ-ოსური კონფლიქტი.
700 _aხონელიძე, ზურაბ
_eრედაქტორი
_95500
942 _2udc
_cBK